TRAINING IN THE WORKPLACE MANAGEMENT WOR (Record no. 6261)
[ view plain ]
| 000 -LEADER | |
|---|---|
| fixed length control field | 00353nam a2200133Ia 4500 |
| 008 - FIXED-LENGTH DATA ELEMENTS--GENERAL INFORMATION | |
| fixed length control field | 240624s9999 xx 000 0 und d |
| 041 ## - LANGUAGE CODE | |
| Language code of text/sound track or separate title | eng |
| 082 ## - DEWEY DECIMAL CLASSIFICATION NUMBER | |
| Classification number | 658.3124 RAI |
| 100 ## - MAIN ENTRY--PERSONAL NAME | |
| Personal name | RAINBIRD HELEN |
| 245 ## - TITLE STATEMENT | |
| Title | TRAINING IN THE WORKPLACE MANAGEMENT WOR |
| 260 ## - PUBLICATION, DISTRIBUTION, ETC. | |
| Date of publication, distribution, etc. | 2007 |
| Place of publication, distribution, etc. | London |
| Name of publisher, distributor, etc. | Macmillan Press |
| 300 ## - PHYSICAL DESCRIPTION | |
| Extent | xiii, : 293 : p. : cm. ; 23 |
| 365 ## - TRADE PRICE | |
| Currency code | BPS |
| Withdrawn status | Lost status | Damaged status | Not for loan | Home library | Current library | Shelving location | Date acquired | Source of acquisition | Cost, normal purchase price | Total Holds | Full call number | Barcode | Date last seen | Copy number | Price effective from | Koha item type |
|---|---|---|---|---|---|---|---|---|---|---|---|---|---|---|---|---|
| IMTN | IMTN | Rack 26-A | 09/12/2007 | IBH | 9.99 | 1015 | 658.3124 RAI | 6261 | 06/24/2024 | 85.9 | 06/24/2024 | Books |